Welcome to CU Library Online Public Access Catalogue (OPAC)

TRANSFORMING LEADERSHIP; (Record no. 6175)

MARC details
000 -LEADER
fixed length control field 00447nam a22001457a 4500
005 - DATE AND TIME OF LATEST TRANSACTION
control field 20250603092628.0
008 - FIXED-LENGTH DATA ELEMENTS--GENERAL INFORMATION
fixed length control field 250603b |||||||| |||| 00| 0 eng d
020 ## - INTERNATIONAL STANDARD BOOK NUMBER
International Standard Book Number 9780830816521
050 ## - LIBRARY OF CONGRESS CALL NUMBER
Classification number BV652
Item number .I FOR
100 ## - MAIN ENTRY--PERSONAL NAME
Personal name FORD, LEIGHTON
245 ## - TITLE STATEMENT
Title TRANSFORMING LEADERSHIP;
Remainder of title JESUS WAY OF CREATING VER VISION, SHAPING VALUES AND EMPOWERING CHANGEILLINOIS
260 ## - PUBLICATION, DISTRIBUTION, ETC.
Place of publication, distribution, etc. ILLINOIS
Name of publisher, distributor, etc. INTERVARSITY PRESS
Date of publication, distribution, etc. c1995
300 ## - PHYSICAL DESCRIPTION
Extent 320p
942 ## - ADDED ENTRY ELEMENTS (KOHA)
Source of classification or shelving scheme Library of Congress Classification
Koha item type Books
Suppress in OPAC No
999 ## -
-- 6175
-- 6175
Holdings
Withdrawn status Lost status Source of classification or shelving scheme Damaged status Not for loan Collection Home library Current library Shelving location Date acquired Total checkouts Full call number Barcode Date last seen Copy number Price effective from Koha item type
    Library of Congress Classification     Non-fiction Undergraduate Library (Christ Temple) Undergraduate Library (Christ Temple) General stacks 06/03/2025   BV652.1 FOR ulct00002898 06/03/2025 1 06/03/2025 Books
    Library of Congress Classification     Non-fiction Undergraduate Library (Christ Temple) Undergraduate Library (Christ Temple) General stacks 06/03/2025   BV652.1 FOR ulct00002899 06/03/2025 2 06/03/2025 Books
© 2023-2024 Copyright: Central University Libraries. All Rights Reserved | Created by: Mahone Tech Office